Регионална библиотека "Любен Каравелов" - Русе

Българско народно творчество (Запис номер 47949)

MARC детайли
000 -Лидер
Контролно поле с фиксирана дължина 01810nam a2200349 c 4500
003 - Код на организацията, давaща контролен номер
Контролно поле BLK
005 - Дата и час на последна редакция
Контролно поле 20200422130905.0
008 - Елементи от данни с фиксирана дължина
fixed length control field 180408b bul|||||r ||||||| ||bul||
010 ## - Наследен системен номер
LC control number KNG00051764000
040 ## - Източник на каталожния запис
Идентификатор на билиотеката - собственик на записа BLK
041 ## - Код за език
Код за езика на текст/звукозапис или на отделно заглавие Български
Код за езика КДБФ Български
072 #7 - Код за тематичната категория
Код организация bullib
Код за тематична категория А
Текст Фонд Михаил Арнаудов
072 #7 - Код за тематичната категория
Код организация bullib
Код за тематична категория Я
Текст Автографи
080 ## - УДК
Текстов определител УДК Българска литература
УДК код - определител по УДК 821.163.2
УДК определител .09
УДК - код + определител 821.163.2.09
139 ## - Редно поле
Редна дума Българско народно творчество
Авторски знак Бъл - Б 92
245 10 - Сведения за заглавието
Заглавие Българско народно творчество
Подзаглавни данни Сб. статии
Редно поле (дума) ред. Генчо Колев Керемидчиев; предг. от Петър Николов Динеков.
257 ## - Страна на издаване
Страна на създаване/издаване България
260 ## - Област на издателските данни
Име на издателя, разпространителя и проч. Нар. просв.
Година на издаване 1950
300 ## - Физическа характеристика
Страници 286 с.
Размери/Мащаб 18 см
380 ## - Жанр
Жанр Худож. лит.
490 ## - СЕРИИ (Колекции)
9 (RLIN) 396381
Име на серия Частна колекция - Академик Михаил Арнаудов
Бележки за серията Дарение - Основен фонд
500 ## - Общи забележки
Забележка Фонд Михаил Арнаудов - Бележки по полетата ; Отбелязва мястото в книгата, където се критикува М. Арнаудов като представител на буржоазната фолклористика: с. 41-45 ; Автограф с текст: На др. проф. Мих. Арнаудов с най-добри чувства София, 24.Х.1950. Г. Керемидчиев. - Мека подв.
650 #4 - Допълнително описание по предмет – тема
Основно описание – тема или топоним Народно творчество, българско
9 (RLIN) 245232
659 ## - Тематичен бюлетин
Тематичен бюлетин А
659 ## - Тематичен бюлетин
Тематичен бюлетин Я
700 1# - Други автори (авторска отговорност)
Лично име Керемидчиев, Генчо Колев
Автороска отговорност (Описва отношението между автора и произведението) ред.
9 (RLIN) 281750
700 1# - Други автори (авторска отговорност)
Лично име Динеков, Петър Николов
Автороска отговорност (Описва отношението между автора и произведението) предг. от
9 (RLIN) 363799
852 ## - Местоположение
Форматна сигнатура Цб 8.180.36106
852 ## - Местоположение
Форматна сигнатура МА 1934
Фондова буква Фонд "Михаил Арнаудов"
856 4# - Електронен адрес и достъп
Електронен формат pdf - файл
856 4# - Електронен адрес и достъп
Електронен формат pdf - файл
999 ## - СИСТЕМНИ КОНТРОЛНИ НОМЕРА
Koha biblionumber 47949
Koha biblioitemnumber 47949
942 ## - АРТИКУЛИ
Вид на библиотечния материал Книги
Скрит в OPAC Не
Периодичен библиозапис Да
944 ## - СЪЗДАВАНЕ И РЕДАКЦИЯ на ЗАПИСА
Създаване/Редакция Създаване
Дата на регистрацията/редакция 18.01.2017
Служител, извършил регистрацията/редакцията Геновева_Генчева
944 ## - СЪЗДАВАНЕ И РЕДАКЦИЯ на ЗАПИСА
Създаване/Редакция Редакция
Дата на регистрацията/редакция 18.01.2017
Служител, извършил регистрацията/редакцията Геновева_Генчева
999 ## - СИСТЕМНИ КОНТРОЛНИ НОМЕРА
Koha biblioitemnumber 47949
Наличности
Код за отписване Код за изгубен артикул Източник на класификационната схема Код за повреда Коз за рестрикции Код за отдаване Артикулен № Име на библиотеката - собственик Име на библиотеката, в която се намира в момента Статус (Текущо местоположение) Дата на вписване в системата Местоположение - отдел Цена в лева Инвентарен номер Систематично азбучна сигнатура Баркод Номер на екземпляра Цена в евро Служебна бележка Служебен тип на артикула Номерация (Хронология)
  Не е изгубен Universal Decimal Classification Не е повреден само за читалня ползва се в читалня 75305 Регионална библиотека "Любен Каравелов" Русе Регионална библиотека "Любен Каравелов" Русе Хранилище 1950-01-01 Основен фонд - ползва се само за читалня 1.08 4087/58 Цб 8.180.36106 900000069224 2 0.55 N: стар фонд Дата: 01.01.1950 Книги  
  Не е изгубен Universal Decimal Classification Не е повреден само за читалня Специални фондове ( старопечатни, редки и ценни, фонд М. Арнаудов) 75306 Регионална библиотека "Любен Каравелов" Русе Регионална библиотека "Любен Каравелов" Русе Фонд "Михаил Арнаудов" 1973-01-01 Фонд "Михаил Арнаудов" 200.00 590264 МА 1934 120000590264 3 102.26 Дост: DA Вид: А N: стар фонд Дата: 01.01.1973 Книги Автограф: Георги Керемидчиев
Vip Innovations Ltd, Rousse, Bulgaria 2025